00686nam a2200229 a 4500001001300000003000900013005001700022008004100039020002300080082001900103100001800122245004300140260003100183300000900214500003500223650002600258700001800284902000800302942000700310952012200317999001700439nice12345678IN_TiNIC20260116015056.0091231s2003 dela grp 000 0 eng  a8188789089 c15000a305.80954bKHA aKhalidi, Omar aKhaki and the Ethnic Violence in India aDelhibThree Essays c2003 a126p aincludes index and biblioraphy aEthnic Conflict-India1 aKhalidi, Omar bSRS cBK 001040708StackRoom-aHMIbHMId2009-12-31g150.00l0o305.80954 KHAp11001760r2009-12-31v150.00w2009-12-31yBK c18209d18209